00444nam a2200157Ia 4500020001800000082001900018100001800037245005700055260003200112300001200144440003700156504001900193650002800212650001900240650002700259 a9788190618663 a306.0954 DUB-A aDube, Saurabh 0aAfter conversion: cultural histories of modern India aNew DelhibYoda Pressc2010 axi, 210 aNew perspectives on Indian pasts aincludes index aCulturevIndiavHistory aIndiavHistory aDalitsvIndiavHistory